Sensaciones de Salamanca / (Record no. 138162)

MARC details
000 -LEADER
campo de control de longitud fija 00477nam a2200169 i 4500
001 - NÚMERO DE CONTROL
campo de control 138162
003 - IDENTIFICADOR DE NÚMERO DE CONTROL
campo de control ES-MaACL
005 - FECHA Y HORA DE LA ÚLTIMA TRANSACCIÓN
campo de control 20230906195521.0
007 - CAMPO FIJO DE DESCRIPCIÓN FÍSICA--INFORMACIÓN GENERAL
campo de control de longitud fija t|
008 - DATOS DE LONGITUD FIJA--INFORMACIÓN GENERAL
campo de control de longitud fija 070214s1932 sp r ||||1| spa d
100 1# - ENTRADA PRINCIPAL--NOMBRE DE PERSONA
Nombre de persona Sánchez Rojas, José.
9 (RLIN) 102895
245 10 - MENCIÓN DEL TÍTULO
Título Sensaciones de Salamanca /
Mención de responsabilidad, etc. José Sánchez Rojas.
260 ## - PUBLICACIÓN, DISTRIBUCIÓN, ETC.
Lugar de publicación, distribución, etc. Salamanca :
Nombre del editor, distribuidor, etc. [s. n.],
Fecha de publicación, distribución, etc. Imp. Provincial (
Fabricante 1932)
300 ## - DESCRIPCIÓN FÍSICA
Extensión 68 p., 23 lám. ;
Dimensiones 22cm.
500 ## - NOTA GENERAL
Nota general Retr. autor.
852 ## - LOCALIZACIÓN
Ubicación ES-MaACL
Número de control de estantería A-897
Holdings
Estatus retirado Estado de pérdida Estado de daño No para préstamo Biblioteca de origen Biblioteca actual Ubicación en estantería Fecha de adquisición Fuente de adquisición Total de préstamos Signatura topográfica completa Código de barras Visto por última vez Precio de reemplazo Tipo de ítem Koha
        Biblioteca del Ateneo de Madrid Biblioteca del Ateneo de Madrid Sala Pecera Planta 1 17/01/2008     A-897 1143768 23/02/2023 23/02/2023 Libro impreso